000 00546nam a22002057a 4500
005 20250910152230.0
008 250910b |||||||| |||| 00| 0 eng d
037 _cTB
040 _aCL
_cCL
041 _2Eng
_aEnglish
084 _qCL
100 _aMisra, OP
_9821013
245 _aDISTRIBUTION THEORY IN COMPUTER SCIENCE
260 _aUK, Houston
_bSci. Tech
_c2002
300 _aX,236
365 _b95.00
_cDollor
700 _aMishra, OP
_bAuthor
_9821014
942 _2CC
_cTB
_n0
999 _c1435306
_d1435306